00585nam a2200181 a 450000100100000000500170001000800410002702000150006804000250008308200150010824500480012326000430017130000280021450000340024204900090027695201010028599900170038600001931020200929165959.0100601s2005 xxua 000 0 spa d a0739464116 aDO-SdBNPbspacBNPHU axxxbG752v00aGrandes viajes y descubrimientos del mundo. aNew York :bEdiciones Credimar,c2005. a237 p. :bil. ;c31 cm. aIncluye índice onomástico aBNPD 001050718MOaRbRcCTd2010-06-01iLF1l0oxxx G752vp19310-10r2020-06-25w2020-06-25y1Z01 c18828d18828